[Event "Chrudim op"]
[Site "Chrudim"]
[Date "2003.07.10"]
[Round "5"]
[White "Hnat, Lubomir"]
[Black "Pokorny, Jan"]
[Result "0-1"]
[WhiteElo "1480"]
[BlackElo "1769"]
[PlyCount "98"]
[EventDate "2003.07.??"]
[EventType "swiss"]
[EventRounds "9"]
[EventCountry "CZE"]
[SourceTitle "EXT 2006"]
[Source "ChessBase"]
[SourceDate "2005.11.24"]
[SourceVersion "1"]
[SourceVersionDate "2005.11.24"]
[SourceQuality "1"]

1. e4 e5 2. Nf3 Nc6 3. Bb5 a6 4. Ba4 Nf6 5. 0-0 b5 6. Bb3 Be7 7. Re1 d6 8. c3 Na5 9. Bc2 c5 10. d4 Qc7 11. d5 0-0 12. Nbd2 Bd7 13. b3 Nb7 14. Nf1 a5 15. Bb2 b4 16. c4 h6 17. Ng3 Rfb8 18. Nh4 Nxd5 19. exd5 Bxh4 20. Qh5 Qd8 21. Bc1 Bg5 22. Bxg5 Qxg5 23. Qxg5 hxg5 24. Nf5 f6 25. g4 a4 26. h3 Ra6 27. Reb1 Kf7 28. Kf1 Rba8 29. Rb2 Bxf5 30. gxf5 axb3 31. Bxb3 Na5 32. Rab1 Rh8 33. Kg2 Rh4 34. Rc2 Rf4 35. Re1 Rxf5 36. Re3 Rf4 37. Rf3 Rxf3 38. Kxf3 Nxb3 39. axb3 Ra3 40. Rb2 Ra1 41. Kg3 f5 42. f3 Kf6 43. h4 gxh4+ 44. Kxh4 f4 45. Kh3 Kf5 46. Kg2 g5 47. Kf2 g4 48. Kg2 gxf3+ 49. Kxf3 e4+ 0-1

[Event "Chrudim op"]
[Site "Chrudim"]
[Date "2003.07.08"]
[Round "3"]
[White "Hnat, Lubomir"]
[Black "Stojkovic, Andreja"]
[Result "0-1"]
[WhiteElo "1480"]
[BlackElo "2052"]
[PlyCount "93"]
[EventDate "2003.07.??"]
[EventType "swiss"]
[EventRounds "9"]
[EventCountry "CZE"]
[SourceTitle "EXT 2006"]
[Source "ChessBase"]
[SourceDate "2005.11.24"]
[SourceVersion "1"]
[SourceVersionDate "2005.11.24"]
[SourceQuality "1"]

1. e4 c5 2. Nf3 Nf6 3. Nc3 Nc6 4. d4 d5 5. exd5 Nxd5 6. Nxd5 Qxd5 7. Bb5 cxd4 8. Bxc6+ bxc6 9. Qxd4 Ba6 10. Qxd5 cxd5 11. Be3 e6 12. 0-0-0 Bd6 13. Bd4 0-0 14. h4 Rfc8 15. c3 f6 16. Kb1 Be2 17. Rd2 Bxf3 18. gxf3 a5 19. Re1 Kf7 20. Rde2 e5 21. Be3 a4 22. Rd1 Ra5 23. Bd2 Rb5 24. Be1 Rc4 25. Red2 Ke6 26. Rd3 Rxh4 27. Rc1 Ba3 28. Rc2 Rh1 29. Rd1 Be7 30. Rcc1 Rh4 31. Rd3 Rc4 32. Bd2 Rh4 33. Rc2 Rh1+ 34. Bc1 h5 35. Re2 g5 36. Ree3 h4 37. Kc2 h3 38. Rd1 Rxd1 39. Kxd1 Rb8 40. Re1 Bc5 41. Be3 Bxe3 42. fxe3 Rxb2 43. Re2 h2 44. Rxb2 h1Q+ 45. Kc2 Qg2+ 46. Kb1 Qf1+ 47. Kc2 0-1